01116 a2200229 450000100060000002000180000602000130002404100080003708200100004510000220005525000100007730000090008749000190009652005630011552100110067883000190068985600240070804000250073224500680075726000310082570000300085616923 a9788516055509 q(broch.) apor a028.5 aDreguer, Ricardo. a2.ed. a48p. aViagens da Bia aBia é filha de uma diplomata e viaja com a mãe por diferentes continentes: África, Europa, Ásia, América. Nessas viagens ela conhece muitas das influências que os habitantes de outros países trouxeram para o Brasil. Neste livro viaje com a Bia para a Ásia. Conheça Índia, China, Jordânia, Mongólia, Coreia do Sul, Uzbequistão, Nepal e Tailândia. Também more com ela no Japão! Nesses países você conhecerá costumes bem diferentes dos nossos e refletirá sobre os significados das tradições de cada povo . Boa viagem! aYear 4 aViagens da Bia u000026/000026d0.jpg aBR-BrIDEAcBR-BrIDEA10aBia na ÁsiacRicardo Dreguer; ilustrações de Thiago Lopes aSão PaulobModernac2018 aLopes, Thiagoeilustrador